| 000 | 00972nam a2200253Ia 4500 | ||
|---|---|---|---|
| 999 |
_c50754 _d50754 |
||
| 001 | 17706 | ||
| 003 | GE_BSU | ||
| 005 | 20250422145523.0 | ||
| 008 | 181216s2013||||ge |||||||||||||| ||geo|| | ||
| 020 | _a9789941429392 | ||
| 040 | _cGE_BSU | ||
| 041 | _ageo | ||
| 080 | _a633.72(075.8) მ-62 | ||
| 245 |
_aმეჩაიეობა : _b[სახელმძღვ.] / _cგ.ი. ჩხაიძე, რ.შ. კოპალიანი, ა.დ.მიქელაძე, ვ.ვ. უგულავა |
||
| 264 |
_aქუთაისი, _c2013. |
||
| 300 |
_a300 გვ. : _bცხრ. ; ნახ., _c21 სმ. |
||
| 653 | _aმეჩაიეობა | ||
| 653 | _aსოფლის მეურნეობა | ||
| 700 |
_aჩხაიძე, გ.ი. _924887 |
||
| 700 |
_aკოპალიანი, რ.შ. _924888 |
||
| 700 |
_a მიქელაძე, ა.დ. _924889 |
||
| 700 |
_a უგულავა, ვ.ვ. _924890 |
||
| 942 |
_cBK _2udc |
||